| 000 | 01021nam a2200121Ia 4500 | ||
|---|---|---|---|
| 008 | 220620s9999||||xx |||||||||||||| ||und|| | ||
| 100 | _aCiardelli, Ivano||Groenendijk, Jeroen||Roelofsen, Floris | ||
| 245 | 0 | _aInquisitive Semantics | |
| 546 | _aEnglish[eng] | ||
| 650 | _ainquisitive semantics||Â questions||Â coordination||Â modals||Â conditionals||Â intonational meaning | ||
| 856 | _uhttps://library.oapen.org/bitstream/20.500.12657/25127/1/Inquisitive_Semantics_9780192546388_WEB.PDF||https://library.oapen.org/bitstream/20.500.12657/25127/1/Inquisitive_Semantics_9780192546388_WEB.PDF||https://library.oapen.org/bitstream/20.500.12657/25127/1/Inquisitive_Semantics_9780192546388_WEB.PDF||https://library.oapen.org/bitstream/20.500.12657/25127/1/Inquisitive_Semantics_9780192546388_WEB.PDF||https://library.oapen.org/bitstream/20.500.12657/25127/1/Inquisitive_Semantics_9780192546388_WEB.PDF||https://library.oapen.org/bitstream/20.500.12657/25127/1/Inquisitive_Semantics_9780192546388_WEB.PDF | ||
| 942 | _cEB | ||
| 999 |
_c34055 _d34055 |
||